000
00332nam a22001457a 4500
020
_a
0-7195-8060-9
082
_a
574
_b
RIL/B
100
_a
RILEY, PETER
245
_a
BIOLOGY NOW!
250
_a
SECOND EDITION
260
_a
LONDON
_b
JOHN MURRAY PUBLISHERS
_c
2004
300
_a
231
650
_a
BIOLOGY REFERENCE
_z
INDIA
942
_c
BK
999
_c
1421
_d
1421